[Event "Winsoft Cup IM1"]
[Site "Olomouc CZE"]
[Date "2011.08.04"]
[Round "2"]
[White "Moritz,A"]
[Black "Jurek,J"]
[Result "0-1"]
[WhiteElo "2091"]
[BlackElo "2324"]

1.e4 e6 2.d4 d5 3.Nd2 Be7 4.Bd3 c5 5.dxc5 Nf6 6.Qe2 O-O 7.Ngf3 a5 8.O-O Na6
9.e5 Nd7 10.c3 Naxc5 11.Bc2 f6 12.exf6 Bxf6 13.Nd4 e5 14.Nf5 a4 15.c4 d4
16.Nd6 Qe7 17.N2e4 Ra6 18.Nb5 Qd8 19.Bd2 Be7 20.Nxc5 Nxc5 21.Qxe5 d3 22.Bc3 Bf6
23.Qxc5 dxc2 24.Rac1 Rc6 25.Qb4 Bf5 26.c5 Bd3 27.Nd6 Bxf1 28.Kxf1 Bxc3 29.Qxc3 Qf6
30.Qxc2 b6 31.Ne4 Qe5 32.Qxa4 Qxb2 33.Qc4+ Kh8 34.Rc2 Qa1+ 35.Rc1 Qe5 36.g3 h6
37.f4 Qe7 38.Qd5 Re6 39.Nf2 Rd8 40.Qf5 bxc5 41.Rxc5 Re1+ 42.Kg2 Qb7+ 43.Kh3 Re2
44.Rc2 Qb1 45.Qa5 Rde8 46.Rxe2 Qf1+ 47.Kh4 Qxe2 48.Ng4 Qe4 49.Qc3 Kh7 50.a3 Qf5
51.Qc7 Re2 52.Qc4 Rc2  0-1

[Event "112th US Open"]
[Site "Orlando USA"]
[Date "2011.08.04"]
[Round "4"]
[White "Kleiman,J"]
[Black "Ramirez,Alej"]
[Result "0-1"]
[WhiteElo "2375"]
[BlackElo "2592"]

1.e4 e6 2.d4 d5 3.Nd2 Be7 4.Bd3 c5 5.dxc5 Nf6 6.Qe2 O-O 7.Ngf3 a5 8.O-O Na6
9.exd5 exd5 10.Nb3 a4 11.Nbd4 Nxc5 12.a3 Nfe4 13.h3 Bf6 14.Be3 Re8 15.Bb5 Bd7
16.Rad1 Nd6 17.c3 Bxb5 18.Nxb5 Nf5 19.Rfe1 Nxe3 20.fxe3 Re4 21.Nd2 Re7 22.Nf3 Re4
23.Nd2 Re7 24.Nf3 Rd7 25.Nbd4 Qb6 26.Qb5 Rd6 27.Qxb6 Rxb6 28.Re2 Ne4 29.Ne1 Ng3
30.Rc2 Bg5 31.Kf2 Ne4+ 32.Ke2 Re8 33.Ndf3 Bh6 34.g4 f5 35.Ng2 fxg4 36.hxg4 Rg6
37.Rxd5 Rxg4 38.Kd3 Nf6 39.Re5 Rd8+ 40.Nd4 Rg3 41.Re2 g6 42.Kd2 Nd5 43.Ke1 Bg7
44.Re4 Nf6 45.Re6 h5 46.e4 Re8 47.e5 Rxe6 48.Nxe6 Nd5 49.c4 Nb6 50.Nxg7 Kxg7
51.e6 Nxc4 52.Kf2 Rb3 53.e7 Nd6 54.e8=Q Nxe8 55.Rxe8 Rxb2+ 56.Kf3 Rb3+ 57.Ne3 g5
58.Re4 b5 59.Re6 Kf7 60.Rb6 g4+ 61.Kf4 g3 62.Ke4 h4 63.Rh6 Rxa3 64.Rxh4 Rb3
65.Rh6 a3 66.Ra6 b4 67.Kd4 Rb2 68.Ke4 a2 69.Kf4 b3 70.Kxg3 Rb1 71.Kf3 a1=Q
72.Rxa1 Rxa1 73.Nc4 Rc1  0-1

[Event "ch-ESP w"]
[Site "Padron ESP"]
[Date "2011.08.04"]
[Round "5"]
[White "Pascual Palomo,L"]
[Black "Collado Barbas,L"]
[Result "0-1"]
[WhiteElo "2127"]
[BlackElo "2050"]

1.e4 e6 2.d4 d5 3.Nd2 Nc6 4.Ngf3 Nf6 5.e5 Nd7 6.Be2 f6 7.exf6 Qxf6 8.Nf1 Bd6
9.Ne3 O-O 10.O-O Qg6 11.c4 Nf6 12.c5 Be7 13.Bb5 Bd7 14.Re1 b6 15.Nc2 Ne4
16.Bxc6 Bxc6 17.Ne5 Qe8 18.f3 Nf6 19.Nxc6 Qxc6 20.cxb6 cxb6 21.Qe2 Rac8 22.Qxe6+ Qxe6
23.Rxe6 Rxc2 24.Rxe7 Rfc8 25.Re1 R8c4 26.b3 Rxd4 27.Kf1 Rh4 28.Kg1 Rd4 29.a3 Rd3
30.Rb1 d4 31.Bg5 Nd5 32.Red1 Rcc3 33.Rxd3 Rxd3 34.Rb2 Nc3 35.Rd2 Rxd2 36.Bxd2 Nb1
37.Bb4 Kf7 38.Kf2 a5 39.Bd6 Nd2 40.b4 Nc4 41.Bc7 axb4 42.axb4 d3 43.b5 Ke6
44.Bxb6 Nxb6 45.Ke3 Kd5 46.Kxd3 Nd7 47.h4 Nf6 48.Ke3 Ke5 49.g3 Nd5+ 50.Kd3 Nb6
51.Ke3 Nc4+ 52.Kd3 Kd5 53.h5 Nd6 54.b6 Kc6 55.Ke3 Kxb6 56.Kf4 Kc6 57.g4 Kd5
58.Kg5 Ke6 59.f4 Nf7+ 60.Kh4 Kd5 61.g5 Ke4 62.Kg4 Nd6 63.h6 g6 64.Kg3 Kf5  0-1

[Event "50th World Juniors"]
[Site "Chennai IND"]
[Date "2011.08.05"]
[Round "4.13"]
[White "Narayanan,Sri"]
[Black "Shimanov,A"]
[Result "0-1"]
[WhiteElo "2371"]
[BlackElo "2586"]

1.e4 e6 2.d4 d5 3.Nd2 Be7 4.Ngf3 Nf6 5.e5 Nfd7 6.Bd3 c5 7.c3 Nc6 8.O-O g5
9.dxc5 g4 10.Nd4 Ndxe5 11.Bb5 Bd7 12.N2b3 h5 13.Re1 Ng6 14.c4 a6 15.cxd5 axb5
16.dxc6 Bxc6 17.Nxc6 Qxd1 18.Rxd1 bxc6 19.Bd2 h4 20.Na5 Rc8 21.Nb7 Rh5 22.Be3 Ra8
23.a4 Rxa4 24.Rxa4 bxa4 25.Ra1 h3 26.Rxa4 Rd5 27.gxh3 gxh3 28.Rd4 Rxd4 29.Bxd4 Nh4
30.Be3 Nf3+ 31.Kh1 e5 32.b4 Kd7 33.Na5 f5 34.Nc4 f4 35.Bc1 Ke6 36.Nd2 Nxd2
37.Bxd2 f3 38.Kg1 e4 39.Kf1 Bf6  0-1

[Event "29th World Junior Girls"]
[Site "Chennai IND"]
[Date "2011.08.05"]
[Round "4.17"]
[White "Fataliyeva,U"]
[Black "Mammadova,G"]
[Result "0-1"]
[WhiteElo "2107"]
[BlackElo "2294"]

1.e4 e6 2.d4 d5 3.Nd2 Nc6 4.Ngf3 Nf6 5.e5 Nd7 6.Nb3 a5 7.a4 b6 8.c4 Nb4 9.cxd5 Nxd5
10.Bd3 Be7 11.O-O Bb7 12.Bd2 g5 13.Ne1 h5 14.Be2 h4 15.Nd3 c5 16.Rc1 Bc6
17.Na1 Qc7 18.f4 gxf4 19.Nxf4 Qb7 20.Bf3 cxd4 21.Nxd5 Bxd5 22.Bf4 Bxf3 23.Rxf3 Qd5
24.Qb3 Qxb3 25.Nxb3 Rh5 26.Re1 Rc8 27.Nxd4 Rc4 28.Nb5 Bc5+ 29.Kh1 Nxe5 30.Bxe5 Rxe5
31.Ref1 f5 32.b3 Rc2 33.Rf4 h3  0-1

[Event "Politiken Cup"]
[Site "Helsingor DEN"]
[Date "2011.08.05"]
[Round "8.81"]
[White "Pedersen,Lars Foldager"]
[Black "Gershenov,B"]
[Result "0-1"]
[WhiteElo "1916"]
[BlackElo "2106"]

1.e4 e6 2.d4 d5 3.Nd2 a6 4.Ngf3 c5 5.exd5 exd5 6.dxc5 Bxc5 7.Be2 Nc6 8.Nb3 Bb6
9.O-O Nf6 10.c3 O-O 11.Nfd4 Qd6 12.Be3 Ne7 13.Bf3 Ng6 14.g3 Re8 15.Bg2 Ng4
16.Bg5 h6 17.Bd2 N4e5 18.h3 Bd7 19.Qc2 Rac8 20.Nf5 Qf6 21.Nfd4 Nc4 22.Bc1 Nd6
23.Qd1 Ne4 24.Qf3 Qxf3 25.Bxf3 Bxh3 26.Rd1 Ne5 27.Bg2 Bg4 28.Rf1 Bh5 29.Bh3 Rcd8
30.g4 Bg6 31.f4 Nc4 32.f5 Bh7 33.a4 Ng3  0-1

[Event "112th US Open"]
[Site "Orlando USA"]
[Date "2011.08.05"]
[Round "4"]
[White "Esserman,M"]
[Black "Ramirez,Alej"]
[Result "1/2-1/2"]
[WhiteElo "2453"]
[BlackElo "2592"]

1.e4 e6 2.d4 d5 3.Nd2 Be7 4.e5 Nh6 5.Ndf3 c5 6.Bxh6 gxh6 7.dxc5 Bxc5 8.Nh3 Qb6
9.Bd3 Qxb2 10.O-O Qb4 11.c4 dxc4 12.Rb1 Qc3 13.Be4 Nd7 14.Qa4 Qa3 15.Qxc4 Nb6
16.Qc2 Bd7 17.Bxb7 Rb8 18.Be4 Rc8 19.Qd2 Qa4 20.Rfe1 Bf8 21.Nf4 Rc4 22.Qd3 Bb4
23.Rec1 Bb5 24.Rxc4 Bxc4 25.Qd4 Ke7 26.Rd1 Rc8 27.Nh5 Bc5 28.Qd2 Bb4 29.Qd4  1/2-1/2

[Event "112th US Open"]
[Site "Orlando USA"]
[Date "2011.08.05"]
[Round "7"]
[White "Shvartsman,A"]
[Black "Sadorra,J"]
[Result "1/2-1/2"]
[WhiteElo "2209"]
[BlackElo "2495"]

1.e4 e6 2.d4 d5 3.Nd2 Be7 4.Bd3 c5 5.exd5 exd5 6.dxc5 Bxc5 7.Ngf3 Nf6 8.Nb3 Qe7+
9.Qe2 Qxe2+ 10.Kxe2 Bd6 11.Re1 O-O 12.h3 Nc6 13.c3 Ne4 14.Kf1 Bf5 15.Kg1 Rfe8
16.Be3 Rad8 17.Nbd4 Bg6 18.Rad1  1/2-1/2

[Event "50th World Juniors"]
[Site "Chennai IND"]
[Date "2011.08.06"]
[Round "5.35"]
[White "Kunal,M"]
[Black "Gireman,J"]
[Result "0-1"]
[WhiteElo "2298"]
[BlackElo "2084"]

1.e4 e6 2.d4 d5 3.Nd2 Nc6 4.Ngf3 Nf6 5.e5 Nd7 6.c3 f6 7.exf6 Qxf6 8.Nb3 e5
9.dxe5 Ndxe5 10.Be2 Nxf3+ 11.Bxf3 Be6 12.Nd4 Nxd4 13.Qxd4 Qxd4 14.cxd4 c5
15.dxc5 Bxc5 16.O-O O-O 17.Re1 Bf7 18.Be3 Bxe3 19.Rxe3 Rfe8 20.Rxe8+ Rxe8
21.Rc1 d4 22.b3 d3 23.h4 Bg6 24.Rc7 Rd8 25.Kh2 d2 26.Bd1 Rd4 27.Kg3 Be4 28.f3 Bc6
29.Re7 Kf8 30.Re5 Kf7 31.h5 Kf6 32.Rc5 Rd5 33.Rxd5 Bxd5 34.Kf4 h6 35.g3 Bf7
36.g4 Bd5 37.a3 b6 38.b4 Bc6 39.a4 Bd5 40.a5 Bc6 41.Ke3 Kg5 42.Be2 Bd7 43.f4+ Kh4
44.f5 Bb5 45.Bd1 Bf1 46.Kf4 Bg2 47.g5 hxg5+ 48.Ke5 Bf1 49.Kd4 Bh3 50.f6 gxf6
51.h6 Bf5 52.Ke3 Bg6 53.Kxd2 g4 54.Ke3 Kg5 55.axb6 axb6 56.Kf2 f5 57.Kg3 f4+
58.Kf2 Bf5  0-1

[Event "37th Badalona Open A"]
[Site "Badalona ESP"]
[Date "2011.08.07"]
[Round "7"]
[White "Mestre Bellido,H"]
[Black "Cruz,Cr"]
[Result "0-1"]
[WhiteElo "2380"]
[BlackElo "2470"]

1.e4 e6 2.d4 d5 3.Nd2 Be7 4.Ngf3 Nf6 5.e5 Nfd7 6.Bd3 c5 7.O-O cxd4 8.Re1 Nc6
9.a3 g5 10.Nb3 g4 11.Nfxd4 Ncxe5 12.Bb5 Ng6 13.Qxg4 a6 14.Bf1 Nf6 15.Qd1 O-O
16.f4 Ne4 17.g3 Kh8 18.Bg2 f5 19.Be3 Bf6 20.c3 Bd7 21.Nc1 Rf7 22.Nd3 Qe7
23.Nf3 Rg7 24.Bd4 Rag8 25.Nfe5 Be8 26.Re3 Nxe5 27.Nxe5 h5 28.Nf3 h4 29.Nxh4 Bxh4
30.Rxe4 dxe4 31.gxh4 e5 32.Bxe5 Qxe5 33.fxe5 Rxg2+ 34.Kh1 e3 35.h3 Rd2  0-1

[Event "50th World Juniors"]
[Site "Chennai IND"]
[Date "2011.08.07"]
[Round "6.2"]
[White "Huschenbeth,N"]
[Black "Shimanov,A"]
[Result "1-0"]
[WhiteElo "2521"]
[BlackElo "2586"]

1.e4 e6 2.d4 d5 3.Nd2 Be7 4.Bd3 c5 5.dxc5 Nf6 6.Qe2 O-O 7.Ngf3 Nfd7 8.Nb3 a5
9.a4 Na6 10.exd5 Ndxc5 11.Nxc5 Nxc5 12.dxe6 Nxd3+ 13.Qxd3 Bxe6 14.Qxd8 Rfxd8
15.Be3 Bf6 16.c3 Bc4 17.Nd2 Bd3 18.f3 Rd5 19.Kf2 b5 20.Ne4 Bh4+ 21.g3 Be7
22.axb5 f5 23.Nd2 Rxb5 24.b4 Bf6 25.Rhc1 Re8 26.bxa5 f4 27.Bxf4 Re2+ 28.Kg1 g5
29.a6 Bd8 30.Be3 Rxe3 31.a7 Bb6 32.a8=Q+ Re8+ 33.Kg2 Rxa8 34.Rxa8+ Kg7 35.Ra2 Re5
36.Nf1 h5 37.h3 Bc4 38.Rd2 Bc5 39.f4 Rf5 40.Kf3 gxf4 41.gxf4 Bd5+ 42.Kg3 Bc6
43.Re1 Rf6 44.Re5 Bd6 45.Rxd6 Rxd6 46.Kh4 Bd7 47.Ng3 Rd3 48.c4 Rf3 49.Re4 Kg6
50.Rd4 Bc8 51.c5 Rc3 52.f5+ Kf6 53.Ne4+ Ke5 54.Nxc3 Kxd4 55.f6 Be6 56.c6 Ke5
57.Kg5 h4 58.c7 Kd6 59.Nb5+ Kd7 60.Kxh4  1-0

[Event "29th World Junior Girls"]
[Site "Chennai IND"]
[Date "2011.08.07"]
[Round "6.6"]
[White "Terao,J"]
[Black "Mammadova,G"]
[Result "0-1"]
[WhiteElo "2168"]
[BlackElo "2294"]

1.e4 e6 2.d4 d5 3.Nd2 Nc6 4.Ngf3 Nf6 5.e5 Nd7 6.Be2 f6 7.exf6 Qxf6 8.Nf1 Bd6
9.Ne3 O-O 10.O-O Qg6 11.c4 Nf6 12.b3 Bd7 13.Bb2 Bf4 14.Qd3 Qh6 15.a3 Be8
16.b4 Bg6 17.Qb3 Be4 18.g3 Bxe3 19.Qxe3 Qh3 20.Nh4 Ne7 21.f3 Nf5 22.Qf2 Nxh4
23.gxh4 Nh5 24.Bc1 dxc4 25.Qg2 Qxg2+ 26.Kxg2 Bd5 27.a4 Nf4+ 28.Kf2 Nd3+ 29.Bxd3 Rxf3+
30.Ke2 Rxd3 31.Be3 Rb3 32.Rfb1 Be4 33.Rxb3 cxb3 34.Bc1 Rf8 35.Ke3 Bd5 36.Bb2 Rf3+  0-1

[Event "20th ZDMI Open A"]
[Site "Dresden GER"]
[Date "2011.08.07"]
[Round "2"]
[White "Fier,A"]
[Black "Pfeffer,R"]
[Result "1-0"]
[WhiteElo "2566"]
[BlackElo "2255"]

1.e4 e6 2.d4 d5 3.Nd2 Be7 4.Ngf3 Nf6 5.e5 Nfd7 6.Bd3 c5 7.c3 Nc6 8.O-O cxd4
9.cxd4 Qb6 10.Re1 a5 11.Nb1 Nxd4 12.Nxd4 Qxd4 13.Nc3 Bc5 14.Nb5 Qxf2+ 15.Kh1 O-O
16.Bg5 Bb4 17.Re3 g6 18.h4 Nc5 19.a3 h6 20.Bxh6 Bd2 21.Rf3 Nxd3 22.Bxd2 Bd7
23.Rxd3 Bxb5 24.Rf3 Qe2 25.Qxe2 Bxe2 26.Rf2 Bd3 27.Kh2 Rfc8 28.Rd1 Bf5 29.Rf4 Rc2
30.Bc3 b5 31.Rd2 Rc1 32.Rdf2 Ra7 33.g4 Be4 34.Rf6 a4 35.Kg3 Rd7 36.Kf4 Rh1
37.Kg5 Kg7 38.Bb4 d4 39.R6f4 Bb1 40.Bd6 d3 41.Rd4 Kg8 42.Rg2 Rc1 43.Kh6 Rc2
44.Rg1 d2 45.Rd1 Rxb2 46.R4xd2 Rxd2 47.Rxd2 Rd8 48.Rd1 Ba2 49.h5 Rd7 50.Rf1 Bc4
51.Rf2 Bd3 52.Kg5 gxh5 53.gxh5 f6+ 54.Kf4 fxe5+ 55.Kxe5 Bf5 56.Rb2 Rh7 57.Rh2 Rg7
58.Bb4 Bg4 59.Bd2 Kh7 60.h6 Rf7 61.Rg2 Bf5 62.Be3 Bh3 63.Rg3 Bf5 64.Rg1 Bh3
65.Rc1 Kg6 66.Rc8 Rf5+ 67.Kd6 Rf7 68.Rb8 Rf3 69.Rg8+ Kh7 70.Rg7+ Kh8 71.Bd4 Rd3
72.Kc5 Bf5 73.Bf6 Rh3 74.h7 Rh6 75.Be5  1-0

[Event "20th ZDMI Open A"]
[Site "Dresden GER"]
[Date "2011.08.07"]
[Round "2"]
[White "Shankland,S"]
[Black "Bluebaum,M"]
[Result "1-0"]
[WhiteElo "2539"]
[BlackElo "2329"]

1.e4 e6 2.d4 d5 3.Nd2 Be7 4.Ngf3 Nf6 5.e5 Nfd7 6.Bd3 c5 7.c3 Nc6 8.O-O g5
9.dxc5 g4 10.Nd4 Ncxe5 11.Bb5 a6 12.Bxd7+ Bxd7 13.b4 h5 14.Qe2 Qc7 15.f4 Nc6
16.N2b3 Nxd4 17.Nxd4 Bf6 18.Be3 O-O-O 19.a4 e5 20.Nb5 axb5 21.axb5 Qb8 22.Ra5 d4
23.Bf2 dxc3 24.Rfa1 exf4 25.c6 Bf5 26.cxb7+ Kxb7 27.Qc4  1-0

[Event "20th ZDMI Open A"]
[Site "Dresden GER"]
[Date "2011.08.07"]
[Round "2"]
[White "Laubsch,B"]
[Black "Luther,T"]
[Result "0-1"]
[WhiteElo "2284"]
[BlackElo "2515"]

1.e4 e6 2.d4 d5 3.Nd2 Nc6 4.Ngf3 Nf6 5.e5 Nd7 6.Nb3 Be7 7.c3 f6 8.Bf4 fxe5
9.dxe5 O-O 10.Bg3 a5 11.a4 b6 12.Bb5 Ncb8 13.Nfd4 Nc5 14.Qg4 Nxb3 15.Nxb3 c5
16.Nd2 Na6 17.Bd3 Qe8 18.Qh3 h6 19.f4 c4 20.Bc2 Nc5 21.O-O b5 22.Rf3 bxa4
23.Bf2 Nd3 24.Be3 Rb8 25.Rg3 Kh7 26.Ra2 Qf7 27.Qg4 Rg8 28.Qe2 Kh8 29.Bxd3 cxd3
30.Qxd3 Bd7 31.Nf3 Bb5 32.Qc2 Bc4 33.Ra1 Rgc8 34.Qc1 a3 35.bxa3 Bd3 36.Nd4 Kh7
37.Qd2 Be4 38.a4 Rc4 39.Nb5 Qf8 40.Nd6 Bxd6 41.exd6 Qxd6 42.Bd4 Rb7 43.Ra2 Rb1+
44.Kf2 Rc7 45.Be5 Qb6+ 46.Re3 Rf7 47.Qd4 g5 48.Qxb6 Rxb6 49.g3 Rfb7 50.Rd2 Rb1
51.Ree2 Kg6 52.Ke3 g4 53.Kd4 Kf7 54.Bd6 Kf6 55.Be5+ Ke7 56.Rf2 h5 57.Kc5 Kd7
58.Rfe2 R7b6 59.Kd4 Rc6 60.Ke3 Rc4 61.Rb2 Rxa4 62.Rxb1 Bxb1 63.Rb2 Bf5 64.Bd4 Ra1
65.Rb8 Ra2 66.Bf6 a4 67.Ra8 Kc6 68.Be7 Kb5 69.Kd4 Rd2+ 70.Ke3 Rxh2 71.Rh8 Kc4
72.Rc8+ Kb3 73.Kd4 Rd2+ 74.Kc5 Rd3 75.Kb5 Rxg3 76.Ra8 Rxc3 77.Rh8 g3 78.Rg8 h4
79.Bf6  0-1

[Event "Politiken Cup"]
[Site "Helsingor DEN"]
[Date "2011.08.07"]
[Round "10.35"]
[White "Guttulsrud,O"]
[Black "Burmeister,R"]
[Result "1-0"]
[WhiteElo "2177"]
[BlackElo "2298"]

1.e4 e6 2.d4 d5 3.Nd2 Nc6 4.Ngf3 Nf6 5.e5 Nd7 6.Be2 f6 7.exf6 Qxf6 8.Nf1 Bd6
9.Ne3 O-O 10.O-O Qg6 11.c4 Nf6 12.g3 Ne4 13.cxd5 exd5 14.Qb3 Kh8 15.Qxd5 Be6
16.Nh4 Bxd5 17.Nxg6+ hxg6 18.Nxd5 Nxd4 19.Bd3 Rae8 20.Nf4 Rf6 21.Kg2 Bxf4
22.Bxf4 Nc5 23.Rad1 Nxd3 24.Rxd3 Ne6 25.Be3 a6 26.Rc1 Rf7 27.Rb3 c5 28.a4 Nd4
29.Rb6 Re5 30.Rxg6 Ne6 31.Rg4 b5 32.b3 Rd7 33.Rc3 b4 34.Rcc4 Rd3 35.Rge4 Rxe4
36.Rxe4 Nd4 37.Re5 Rc3 38.Bxd4 cxd4 39.Re6 Rxb3 40.Rxa6 Ra3 41.a5 Kh7 42.Rb6 b3
43.a6 d3 44.Kf3 d2 45.Ke2 Ra2 46.Rxb3 Rxa6 47.Kxd2 Rf6 48.Ke2 Rf5 49.h4 Re5+
50.Re3 Rf5 51.f4 Ra5 52.Kf3 Ra6 53.Re5 Rb6 54.Kg4 Ra6 55.h5 Kh6 56.Re4 Rb6
57.f5 Kh7 58.Kg5 Rb7 59.g4 Ra7 60.Re6 Rb7 61.h6 gxh6+ 62.Rxh6+ Kg7 63.Re6 Kf7
64.Kf4 Rb1 65.Rc6 Rb4+ 66.Kg5 Rb7 67.Rf6+ Kg7 68.Ra6 Kf7 69.Ra5 Rc7 70.f6 Rb7
71.Kf5 Rb1 72.Ra7+ Kf8 73.g5 Rb5+ 74.Kg6 Rb8 75.Rh7  1-0

[Event "1st Radzikowskiej Mem"]
[Site "Warsaw POL"]
[Date "2011.08.07"]
[Round "2"]
[White "Leks,M"]
[Black "Michna,Mart"]
[Result "0-1"]
[WhiteElo "2082"]
[BlackElo "2397"]

1.e4 e6 2.d4 d5 3.Nd2 Be7 4.Ngf3 Nf6 5.e5 Nfd7 6.c3 c5 7.Bd3 b6 8.Qe2 a5
9.O-O Ba6 10.Bxa6 Nxa6 11.c4 Nc7 12.Rd1 O-O 13.Nf1 Qc8 14.b3 dxc4 15.bxc4 cxd4
16.Nxd4 Nc5 17.Nc6 Re8 18.Nxe7+ Rxe7 19.Qg4 Ne8 20.Bg5 Rd7 21.Ng3 Raa7 22.Nh5 Kh8
23.Re1 Rd3 24.Rab1 Nd7 25.Qf4 Kg8 26.Rb3 Rxb3 27.axb3 a4 28.Ra1 Qc7 29.Rxa4 Rxa4
30.bxa4 Qxe5 31.Qxe5 Nxe5 32.c5 bxc5 33.Be3 Nd7 34.Nf4 Nc7 35.Nd3 Na6 36.Kf1 Kf8
37.Nb2 Ke7 38.Nc4 e5 39.Ke2 Ke6 40.f3 Kd5 41.Kd3 f5 42.g4 g6 43.a5 Nb4+ 44.Kc3 Kc6
45.gxf5 gxf5 46.Bg5 f4 47.Bd8 h5 48.h3 Kd5 49.Nd2 Nc6 50.Bc7 Nd4 51.Bd8 Nb8
52.Bc7 Na6 53.Bd8 c4 54.Ne4 Nb5+ 55.Kd2 Nc5 56.Nc3+ Nxc3 57.Kxc3 e4 58.fxe4+ Nxe4+
59.Kb4 c3 60.a6 Kc6 61.Kb3 f3 62.a7 Kb7 63.Bb6 f2 64.Bxf2 Nxf2 65.Kxc3 Nxh3
66.Kd3 Ng5  0-1

[Event "22nd ch-NATO"]
[Site "Kaunas LTU"]
[Date "2011.08.08"]
[Round "1.6"]
[White "Sari,S"]
[Black "Lutz,B"]
[Result "1-0"]
[WhiteElo "2032"]
[BlackElo "2318"]

1.e4 e6 2.d4 d5 3.Nd2 Be7 4.Bd3 c5 5.dxc5 Nf6 6.Qe2 O-O 7.Ngf3 a5 8.O-O Na6
9.exd5 exd5 10.Nb3 a4 11.Nbd4 Nxc5 12.Bb5 Bg4 13.h3 Bh5 14.Nf5 Nce4 15.Nxe7+ Qxe7
16.Be3 Qb4 17.c3 Qa5 18.g4 Bg6 19.Bd4 Nd6 20.Bd3 Rfe8 21.Qc2 Bxd3 22.Qxd3 Nfe4
23.Ne5 f6 24.Nd7 Re7 25.Nb6 Ra6 26.b4 axb3 27.axb3 Qxa1 28.Nxd5 Re8 29.Rxa1 Rxa1+
30.Kg2 Ra2 31.Be3 Nf7 32.b4 Ned6 33.c4 Rea8 34.c5 R2a3 35.Qd4 Nb5 36.Qc4 Na7
37.b5 Ra5 38.Nc7 Rc8 39.Bf4 g5 40.Bg3 Kg7 41.b6 Nc6 42.Qe6 Rd8 43.Bd6 Nxd6
44.cxd6 Re5 45.Ne8+ Rxe8 46.Qd7+ Kg6 47.Qxb7 Nd4 48.Qc7 Ne6 49.b7 Nf4+ 50.Kh2 Rb5
51.d7 Re2 52.b8=Q Rxf2+ 53.Kg3 Rg2+ 54.Kf3  1-0

[Event "Cafe Atlantis Masters"]
[Site "Groningen NED"]
[Date "2011.08.10"]
[Round "3.5"]
[White "Tate,A"]
[Black "Picard,Ro"]
[Result "0-1"]
[WhiteElo "2342"]
[BlackElo "2351"]

1.e4 e6 2.d4 d5 3.Nd2 Be7 4.Bd3 c5 5.dxc5 Nf6 6.Qe2 O-O 7.Ngf3 a5 8.O-O Na6
9.e5 Nd7 10.c4 Naxc5 11.Bc2 f6 12.cxd5 exd5 13.e6 Ne5 14.Nxe5 fxe5 15.Qxe5 Bf6
16.e7 Bxe5 17.exd8=Q Rxd8 18.Rd1 Bf6 19.h3 a4 20.a3 h6 21.Bg6 Ra6 22.Rb1 Bxb2
23.Bxb2 Rxg6 24.Kh2 Bf5 25.Ra1 d4 26.Nc4 Nb3 27.Ra2 Bc2 28.Rg1 Rc6 29.Ne5 Rc5
30.Nf3 d3  0-1

[Event "50th World Juniors"]
[Site "Chennai IND"]
[Date "2011.08.11"]
[Round "9.39"]
[White "Lokesh,P"]
[Black "Soors,S"]
[Result "1/2-1/2"]
[WhiteElo "2194"]
[BlackElo "2353"]

1.e4 e6 2.d4 d5 3.Nd2 Nc6 4.Ngf3 Nf6 5.e5 Nd7 6.c3 f6 7.exf6 Qxf6 8.Bb5 Bd6
9.O-O O-O 10.Nb3 e5 11.dxe5 Ndxe5 12.Nxe5 Nxe5 13.f4 Ng6 14.Qxd5+ Be6 15.Qd4 Bxb3
16.Qxf6 Rxf6 17.axb3 Bxf4 18.Bc4+ Kf8 19.Bxf4 Nxf4 20.g3 Ng6 21.Bd3 a6 22.Be4 c6
23.Bxg6 hxg6 24.Rad1 Ke7 25.Rfe1+ Re6 26.Rxe6+ Kxe6 27.Re1+ Kd6 28.Rd1+ Ke6
29.Re1+ Kd7 30.Rd1+ Ke7 31.Re1+ Kf6 32.Rf1+ Ke6 33.Re1+ Kd6 34.Ra1  1/2-1/2

[Event "29th World Junior Girls"]
[Site "Chennai IND"]
[Date "2011.08.11"]
[Round "9.13"]
[White "Tokhirjanova,H"]
[Black "Nakhbayeva,G"]
[Result "1/2-1/2"]
[WhiteElo "2119"]
[BlackElo "2222"]

1.e4 e6 2.d4 d5 3.Nd2 Nc6 4.Ngf3 Nf6 5.e5 Nd7 6.Bd3 Nb4 7.Be2 c5 8.c3 Nc6
9.O-O Qb6 10.Nb3 a5 11.a4 cxd4 12.cxd4 Be7 13.Bg5 Bxg5 14.Nxg5 h6 15.Nf3 O-O
16.Bd3 Nb4 17.Bb1 Qd8 18.Nc1 Nb8 19.Ne1 N8c6 20.Ra3 f6 21.f4 Bd7 22.Rg3 f5
23.Qh5 Nxd4 24.Qxh6 Qe7 25.Nf3 Nxf3+ 26.gxf3 Be8 27.Kh1 g6 28.Rfg1 Qh7 29.Rxg6+ Bxg6
30.Rxg6+ Kh8 31.Qg5 Rac8 32.Ne2 d4 33.Rh6 d3 34.Rxh7+ Kxh7 35.Nc3 d2 36.Qe7+ Kh8
37.Qxe6 Rxc3 38.Qh6+ Kg8  1/2-1/2

[Event "20th ZMDI Open A"]
[Site "Dresden GER"]
[Date "2011.08.11"]
[Round "6.17"]
[White "Laubsch,B"]
[Black "Zumsande,M"]
[Result "1/2-1/2"]
[WhiteElo "2284"]
[BlackElo "2434"]

1.e4 e6 2.d4 d5 3.Nd2 Be7 4.Ngf3 Nf6 5.Bd3 c5 6.dxc5 dxe4 7.Nxe4 Nxe4 8.Bxe4 Qxd1+
9.Kxd1 Bxc5 10.Ke2 Nd7 11.Rd1 Ke7 12.c4 Nf6 13.Bc2 b6 14.Ne5 Bb7 15.Ba4 Rad8
16.Be3 Bd6 17.Nc6+ Bxc6 18.Bxc6 Be5 19.Rab1 Rxd1 20.Kxd1 Rc8 21.Bb5 Ne4 22.Ba6 Rc7
23.Ke2 f5 24.f3 Nd6 25.b3 h6 26.g3 g5 27.Rc1 f4  1/2-1/2

[Event "1st Radzikowskiej Mem"]
[Site "Warsaw POL"]
[Date "2011.08.11"]
[Round "8"]
[White "Zozulia,A"]
[Black "Michna,Mart"]
[Result "1/2-1/2"]
[WhiteElo "2381"]
[BlackElo "2397"]

1.e4 e6 2.d4 d5 3.Nd2 Be7 4.Bd3 c5 5.dxc5 Nf6 6.Ngf3 dxe4 7.Nxe4 Nxe4 8.Bxe4 Qxd1+
9.Kxd1 Bxc5 10.Ke2 Ke7 11.Rd1 Nd7 12.c3 f6 13.Nd4 a6 14.Be3 Bd6 15.Nb3 f5
16.Bf3 f4 17.Bd2 Rf8 18.c4 Rb8 19.Bc3 Rf5 20.Rd2 Ne5 21.Be4 Rh5 22.Rad1 Bc7
23.Bb4+ Ke8 24.Bd6 Bxd6 25.Rxd6 Nf7 26.Rb6 Re5 27.f3 Ng5 28.Rd4 Bd7 29.h4 Nxe4
30.Rxe4 Rxe4+  1/2-1/2

[Event "29th World Junior Girls"]
[Site "Chennai IND"]
[Date "2011.08.12"]
[Round "10.13"]
[White "Terao,J"]
[Black "Pratyusha,B"]
[Result "1/2-1/2"]
[WhiteElo "2168"]
[BlackElo "2064"]

1.e4 e6 2.d4 d5 3.Nd2 Nc6 4.Ngf3 Nf6 5.e5 Nd7 6.Be2 f6 7.exf6 Qxf6 8.Nf1 Bd6
9.Ne3 O-O 10.O-O Qg6 11.c4 Nf6 12.c5 Be7 13.Bb5 Bd7 14.Bxc6 Bxc6 15.Ne5 Qe8
16.Re1 b6 17.b4 Ba4 18.Qe2 a5 19.bxa5 bxc5 20.dxc5 Bxc5 21.Bb2 Rxa5 22.Nd3 Bd6
23.Ng4 Bd7 24.Nge5 Bc8 25.Qc2 c5 26.f3 Qh5 27.a4 d4 28.h3 Ra7 29.Ba3 Rc7
30.Qf2 Ba6 31.Rac1 Bxd3 32.Nxd3 Qd5 33.Nb2 Bf4 34.Rcd1 Be3 35.Rxe3 dxe3 36.Qxe3 Qa2
37.Rc1 Rfc8 38.Nc4 Rc6 39.a5 Nd5 40.Qe5 Nb4 41.Bb2 R8c7 42.Rd1 Nd3  1/2-1/2

[Event "20th ZMDI Open A"]
[Site "Dresden GER"]
[Date "2011.08.12"]
[Round "7.20"]
[White "Krauseneck,P"]
[Black "Kotainy,J"]
[Result "0-1"]
[WhiteElo "2230"]
[BlackElo "2433"]

1.e4 e6 2.d4 d5 3.Nd2 Be7 4.e5 c5 5.c3 Nc6 6.Ndf3 f6 7.Bd3 cxd4 8.cxd4 Nb4
9.Bb1 Bd7 10.a3 Nc6 11.b4 a5 12.b5 Na7 13.a4 Nc8 14.Ne2 Nb6 15.Qb3 Bb4+ 16.Bd2 Bxd2+
17.Nxd2 fxe5 18.dxe5 Nh6 19.O-O O-O 20.f4 Rc8 21.Bd3 Qe7 22.Rac1 g6 23.h3 Nf5
24.Bxf5 gxf5 25.Kh2 Kh8 26.Nd4 Rg8 27.Rxc8 Rxc8 28.Rf3 Qc5 29.Qa3 Qxa3 30.Rxa3 Nc4
31.Ra2 Nxd2 32.Rxd2 Rc4 33.Nb3 Rxf4 34.Rc2 Rxa4 35.Nc5 Rc4 36.Rxc4 dxc4 37.Nxd7 a4
38.Nc5 a3  0-1

[Event "RTU Open A"]
[Site "Riga LAT"]
[Date "2011.08.12"]
[Round "6"]
[White "Hansen,TR"]
[Black "Nijs,N"]
[Result "1-0"]
[WhiteElo "2468"]
[BlackElo "2278"]

1.e4 e6 2.d4 d5 3.Nd2 Be7 4.Ngf3 Nf6 5.e5 Nfd7 6.Bd3 c5 7.O-O Nc6 8.Re1 c4
9.Be2 b5 10.Nf1 Bb7 11.Be3 Qb6 12.Ng3 O-O-O 13.c3 Kb8 14.b3 Na5 15.Nd2 Rc8
16.b4 Nc6 17.a4 a6 18.Qb1 Rcg8 19.Rc1 f5 20.exf6 gxf6 21.axb5 axb5 22.Bh5 Nd8
23.Ra5 Bd6 24.Nf3 Qc6 25.Rc2 Nf8 26.Rca2 Ng6 27.Qc1 Bc7 28.Ra7 Kc8 29.Bg4 Qd6
30.Qa3 Ne7 31.Bh3 Bb6 32.Ra6 Qc6 33.Nh5 Rf8 34.Bh6 Bxa6 35.Qxa6+ Kd7 36.Nxf6+  1-0

[Event "9th Davos Open"]
[Site "Davos SUI"]
[Date "2011.08.13"]
[Round "7.2"]
[White "Ferguson,M"]
[Black "Satta,V"]
[Result "1-0"]
[WhiteElo "2379"]
[BlackElo "2252"]

1.e4 e6 2.d4 d5 3.Nd2 Be7 4.e5 c5 5.Qg4 g6 6.dxc5 Qc7 7.Ngf3 Nd7 8.Bb5 Qxc5
9.Bxd7+ Bxd7 10.c3 f6 11.O-O Qc7 12.Re1 Nh6 13.Qd4 O-O 14.Nb3 Nf5 15.Qg4 fxe5
16.Nxe5 Bd6 17.Bf4 Rae8 18.Nd4 Nxd4 19.cxd4 Rf6 20.Rac1 Bc6 21.Bg3 Qb6 22.Rxc6 bxc6
23.Nd7 Qb4 24.Nxf6+ Kf7 25.Rb1 Kxf6 26.Be5+ Kf7 27.a3 Qb8 28.Qf4+ Ke7 29.Qh4+ Kd7
30.Qxh7+ Re7 31.Bxd6 Qxd6 32.Qxg6 Qf4 33.Qd3 Rf7 34.Qe3 Qg4 35.f3  1-0

[Event "20th ZMDI Open A"]
[Site "Dresden GER"]
[Date "2011.08.13"]
[Round "8.23"]
[White "Laubsch,B"]
[Black "Pfeffer,R"]
[Result "1-0"]
[WhiteElo "2284"]
[BlackElo "2255"]

1.e4 e6 2.d4 d5 3.Nd2 Be7 4.e5 c5 5.Qg4 Kf8 6.dxc5 Nc6 7.Qg3 h5 8.Nb3 Nh6
9.Nf3 Qc7 10.Bd3 Bd7 11.O-O a5 12.a4 Nb4 13.Be3 Na6 14.Bg5 Bxg5 15.Qxg5 Nxc5
16.Nxc5 Qxc5 17.Qxh5 Qb4 18.b3 Qf4 19.h3 Kg8 20.Qg5 Qxg5 21.Nxg5 f6 22.Nf3 Nf7
23.Rfe1 Rh5 24.Bg6 Rh6 25.Bxf7+ Kxf7 26.Nd4 Rc8 27.Re2 Rh5 28.Rae1 fxe5 29.Rxe5 Rxe5
30.Rxe5 Kf6 31.f4 Rc3 32.Kf2 Rc8 33.h4 Ke7 34.Rg5 Kf6 35.Re5 Rh8 36.g3 g6
37.Ke3 Ke7 38.Kd3 Kd6 39.c3 Rh5 40.Nf3 Rh6 41.Kd4 b6 42.Rg5 Bc8 43.Ne5 Ke7
44.c4 Kd6 45.cxd5 exd5 46.Ng4 Rh5 47.Nf6  1-0

[Event "MMK Krakow IM"]
[Site "Krakow POL"]
[Date "2011.08.13"]
[Round "9.2"]
[White "Brzeski,M"]
[Black "De Verdier,M"]
[Result "1/2-1/2"]
[WhiteElo "2315"]
[BlackElo "2359"]

1.e4 e6 2.d4 d5 3.Nd2 Be7 4.Ngf3 Nf6 5.Bd3 c5 6.exd5 Qxd5 7.Bc4 Qh5 8.O-O O-O
9.Ne5 Qxd1 10.Rxd1 Rd8 11.Ndf3 cxd4 12.Nxd4 Bd7 13.Be3 a6 14.a4 Be8 15.a5 Nd5
16.Nf5 Bf6 17.Bxd5 Rxd5 18.Rxd5 exd5 19.Bd4 Bxe5 20.Bxe5 Nc6 21.Bc7 Bd7 22.Nd6 Nd4
23.Bb6 Nxc2 24.Rc1 Ba4 25.Kf1 Nb4 26.Rc7 Bc6 27.Rxf7 Bb5+ 28.Ke1 Re8+ 29.Nxe8 Kxf7
30.Nd6+ Ke6 31.Nxb7 Nd3+ 32.Kd2 Nxb2 33.Kc3 Nd3 34.Nc5+ Ke5  1/2-1/2